<?xml version="1.0" encoding="UTF-8"?>
<record
    xmlns:xsi="http://www.w3.org/2001/XMLSchema-instance"
    xsi:schemaLocation="http://www.loc.gov/MARC21/slim http://www.loc.gov/standards/marcxml/schema/MARC21slim.xsd"
    xmlns="http://www.loc.gov/MARC21/slim">

  <leader>01514nam a22003857a 4500</leader>
  <controlfield tag="003">CHAP</controlfield>
  <controlfield tag="005">20220329143809.0</controlfield>
  <controlfield tag="008">110905s2011    mx      r     00010 spa d</controlfield>
  <datafield tag="010" ind1=" " ind2=" ">
    <subfield code="a">102008</subfield>
  </datafield>
  <datafield tag="011" ind1=" " ind2=" ">
    <subfield code="a">102980</subfield>
  </datafield>
  <datafield tag="035" ind1=" " ind2=" ">
    <subfield code="a">113669</subfield>
  </datafield>
  <datafield tag="040" ind1=" " ind2=" ">
    <subfield code="c">CHAP</subfield>
  </datafield>
  <datafield tag="090" ind1=" " ind2=" ">
    <subfield code="a">Tesis</subfield>
  </datafield>
  <datafield tag="100" ind1="1" ind2=" ">
    <subfield code="a">P&#xE9;rez L&#xF3;pez, Macrina.</subfield>
    <subfield code="9">89800</subfield>
  </datafield>
  <datafield tag="245" ind1="1" ind2="0">
    <subfield code="a">Resistencia de Leptochloa virgata a glifosato en M&#xE9;xico</subfield>
    <subfield code="h">[En l&#xED;nea]</subfield>
    <subfield code="c">/por Macrina P&#xE9;rez L&#xF3;pez</subfield>
  </datafield>
  <datafield tag="260" ind1=" " ind2=" ">
    <subfield code="a">Chapingo, M&#xE9;x. :</subfield>
    <subfield code="b">El autor,</subfield>
    <subfield code="c">2011</subfield>
  </datafield>
  <datafield tag="500" ind1=" " ind2=" ">
    <subfield code="a">Para ver el contenido del material haga clic en la liga</subfield>
  </datafield>
  <datafield tag="502" ind1=" " ind2=" ">
    <subfield code="a">Tesis (Ing. Agr. Esp. en Parasitolog&#xED;a Agr&#xED;cola) -- UACH. Departamento de Parasitolog&#xED;a Agr&#xED;cola</subfield>
  </datafield>
  <datafield tag="590" ind1=" " ind2=" ">
    <subfield code="a">ALEPH</subfield>
    <subfield code="b">10</subfield>
    <subfield code="c">20130110</subfield>
    <subfield code="l">UCH01</subfield>
    <subfield code="h">1542</subfield>
  </datafield>
  <datafield tag="590" ind1=" " ind2=" ">
    <subfield code="a">BATCH-UPD</subfield>
    <subfield code="b">10</subfield>
    <subfield code="c">20130110</subfield>
    <subfield code="l">UCH01</subfield>
    <subfield code="h">1100</subfield>
  </datafield>
  <datafield tag="590" ind1=" " ind2=" ">
    <subfield code="a">BATCH-UPD</subfield>
    <subfield code="b">10</subfield>
    <subfield code="c">20130410</subfield>
    <subfield code="l">UCH01</subfield>
    <subfield code="h">0653</subfield>
  </datafield>
  <datafield tag="590" ind1=" " ind2=" ">
    <subfield code="a">BATCH-UPD</subfield>
    <subfield code="b">10</subfield>
    <subfield code="c">20130914</subfield>
    <subfield code="l">UCH01</subfield>
    <subfield code="h">1545</subfield>
  </datafield>
  <datafield tag="590" ind1=" " ind2=" ">
    <subfield code="a">BATCH-UPD</subfield>
    <subfield code="b">10</subfield>
    <subfield code="c">20140324</subfield>
    <subfield code="l">UCH01</subfield>
    <subfield code="h">1527</subfield>
  </datafield>
  <datafield tag="590" ind1=" " ind2=" ">
    <subfield code="a">BATCH-UPD</subfield>
    <subfield code="b">10</subfield>
    <subfield code="c">20141002</subfield>
    <subfield code="l">UCH01</subfield>
    <subfield code="h">0850</subfield>
  </datafield>
  <datafield tag="590" ind1=" " ind2=" ">
    <subfield code="a">CONVERSION</subfield>
    <subfield code="b">10</subfield>
    <subfield code="c">20130109</subfield>
    <subfield code="l">UCH01</subfield>
    <subfield code="h">1356</subfield>
  </datafield>
  <datafield tag="650" ind1="1" ind2="4">
    <subfield code="a">Glifosato.</subfield>
    <subfield code="9">48283</subfield>
  </datafield>
  <datafield tag="650" ind1="1" ind2="4">
    <subfield code="a">Herbicidas</subfield>
    <subfield code="x">Aplicaci&#xF3;n.</subfield>
    <subfield code="9">53692</subfield>
  </datafield>
  <datafield tag="650" ind1="1" ind2="4">
    <subfield code="a">Pastos</subfield>
    <subfield code="x">Malas hierbas</subfield>
    <subfield code="x">Control.</subfield>
    <subfield code="9">86057</subfield>
  </datafield>
  <datafield tag="650" ind1="1" ind2="4">
    <subfield code="a">Plantaci&#xF3;n de &#xE1;rboles frutales.</subfield>
    <subfield code="9">88783</subfield>
  </datafield>
  <datafield tag="856" ind1=" " ind2=" ">
    <subfield code="3">Finding aid</subfield>
    <subfield code="u">http://10.13.5.2/tesis/113669.pdf</subfield>
    <subfield code="z">Teclea aqui</subfield>
  </datafield>
  <datafield tag="901" ind1=" " ind2=" ">
    <subfield code="a">BK</subfield>
  </datafield>
  <datafield tag="942" ind1=" " ind2=" ">
    <subfield code="c">FOLL</subfield>
  </datafield>
  <datafield tag="949" ind1=" " ind2=" ">
    <subfield code="a">Tesis</subfield>
    <subfield code="b">BC</subfield>
    <subfield code="c">TES</subfield>
    <subfield code="d">33724002301611</subfield>
    <subfield code="e">TS1</subfield>
    <subfield code="g">Donaci&#xD8;n</subfield>
    <subfield code="h">52664</subfield>
    <subfield code="i">113669</subfield>
    <subfield code="s">t</subfield>
  </datafield>
  <datafield tag="949" ind1=" " ind2=" ">
    <subfield code="a">Tesis</subfield>
    <subfield code="b">BC</subfield>
    <subfield code="c">TES</subfield>
    <subfield code="d">33724002302389</subfield>
    <subfield code="e">TS2</subfield>
    <subfield code="f">c.2</subfield>
    <subfield code="g">Donaci&#xD8;n</subfield>
    <subfield code="h">52665</subfield>
    <subfield code="i">113669</subfield>
    <subfield code="s">t</subfield>
  </datafield>
  <datafield tag="999" ind1=" " ind2=" ">
    <subfield code="c">102008</subfield>
    <subfield code="d">102008</subfield>
  </datafield>
  <datafield tag="952" ind1=" " ind2=" ">
    <subfield code="0">0</subfield>
    <subfield code="1">0</subfield>
    <subfield code="2">local</subfield>
    <subfield code="4">0</subfield>
    <subfield code="5">3</subfield>
    <subfield code="7">0</subfield>
    <subfield code="8">TESIS</subfield>
    <subfield code="a">BC</subfield>
    <subfield code="b">BC</subfield>
    <subfield code="c">PA_TESIS</subfield>
    <subfield code="d">2019-12-31</subfield>
    <subfield code="e">Donacion</subfield>
    <subfield code="f">TESIS</subfield>
    <subfield code="l">0</subfield>
    <subfield code="o">Tesis</subfield>
    <subfield code="p">33724002302389</subfield>
    <subfield code="r">2019-12-31 00:00:00</subfield>
    <subfield code="t">c.2</subfield>
    <subfield code="w">2019-12-31</subfield>
    <subfield code="y">TESIS</subfield>
  </datafield>
  <datafield tag="952" ind1=" " ind2=" ">
    <subfield code="0">0</subfield>
    <subfield code="1">0</subfield>
    <subfield code="2">local</subfield>
    <subfield code="4">0</subfield>
    <subfield code="5">1</subfield>
    <subfield code="7">0</subfield>
    <subfield code="8">TESIS</subfield>
    <subfield code="a">BC</subfield>
    <subfield code="b">BC</subfield>
    <subfield code="c">PA_TESIS</subfield>
    <subfield code="d">2019-12-31</subfield>
    <subfield code="e">Donacion</subfield>
    <subfield code="f">TESIS</subfield>
    <subfield code="l">0</subfield>
    <subfield code="o">Tesis</subfield>
    <subfield code="p">33724002301611</subfield>
    <subfield code="r">2019-12-31 00:00:00</subfield>
    <subfield code="w">2019-12-31</subfield>
    <subfield code="y">TESIS</subfield>
  </datafield>
</record>
